banner-ar

اللغة العربية الثقافة العامة / (Record no. 27634)

MARC details
000 -الفاتح
حقل البيانات ثابتة الطول 00678nam a2200229Ia 4500
008 - عناصر البيانات ثابتة الطول - معلومات عامة
حقل البيانات ثابتة الطول 140319s9999 xx 000 0 ara d
040 ## - مصدر الفهرسة
وكالة الفهرسة الأصلية GCL /
وكالة النسخ GCL
082 04 - رقم تصنيف ديوى العشرى
رقم التصنيف 410
رقم المادة م ل
100 1# - المدخل الرئيسى - إسم شخصى
الإسم الشخصى محمد عبدالرحيم عدس
245 10 - بيان العنوان
العنوان اللغة العربية الثقافة العامة /
بيان المسئوليه,etc محمد عبدالرحيم عدس
260 ## - PUBLICATION, DISTRIBUTION, ETC. (IMPRINT)
تاريخ النشر أو التوزيع 1994
300 ## - الوصف المادى
التعداد 168 ص
490 ## - بيان السلسلة
عنوان السلسلة
650 04 - المدخل الاضافى بالموضوع-مصطلح موضوعى
مصطلح موضوعي النحو
650 04 - المدخل الاضافى بالموضوع-مصطلح موضوعى
مصطلح موضوعي الاشتقاق
650 04 - المدخل الاضافى بالموضوع-مصطلح موضوعى
مصطلح موضوعي اللغة العربية
650 04 - المدخل الاضافى بالموضوع-مصطلح موضوعى
مصطلح موضوعي الصرف
650 04 - المدخل الاضافى بالموضوع-مصطلح موضوعى
مصطلح موضوعي القراءة
650 04 - المدخل الاضافى بالموضوع-مصطلح موضوعى
مصطلح موضوعي قواعد الاملاء والهجاء
942 ## - عناصر المدخل الإضافي( كوها)
مصدر التصنيف او مخطط الترفيف Dewey Decimal Classification
Koha [default] item type كتاب
260 ## - PUBLICATION, DISTRIBUTION, ETC. (IMPRINT)
-- [S.N] :
-- دار الفلسفة ،
Holdings
حالة التراجع حالة الفقد حالة تلف ليس للاعارة المكان المؤقت الموقع الحالى تاريخ الاكتساب اجمالي اﻻعارات رقم الطلب الباركود تاريخ اخر مشاهدة تاريخ تفعيل السعر نوع وعاء كوها
        مكتبة القاهرة الكبرى مكتبة القاهرة الكبرى 03/26/2014   410\م ل 62852 03/26/2014 03/26/2014 كتاب

Powered By

EGPV